00580nam a2200193Ia 4500003000900000008004100009020001700050040001600067080001600083100001600099245008600115260004800201300001500249650004100264650001400305650002700319700001800346700002200364IN-BaIIA211028s9999 xx 000 0 eng d a0-521-434289 cIIA Library a524.86bORI aPrantzos, N 0aOrigin and evolution of the elementscN Prantzos, E Vangioni-Flam and M Cassé aCambridgebCambridge University Pressc1993 axvi, 545p. aAstronomy and astrophysics thesaurus aCosmology aOrigin of the universe aCasse M., ed. aVangioni-Flam, E.